000 01350nam a2200337 a 4500
001 ebr10680833
003 CaPaEBR
006 m u
007 cr cn|||||||||
008 090821s2009 nyua sb 001 0 eng d
010 _z 2009032474
020 _z9781608764723 (hardcover)
020 _z1608764729 (hardcover)
020 _z9781617285257 (e-book)
040 _aCaPaEBR
_cCaPaEBR
035 _a(OCoLC)662453022
050 1 4 _aTK1001
_b.P596 2009eb
082 0 4 _a621.31/21
_222
100 1 _aPoullikkas, Andreas.
245 1 0 _aIntroduction to power generation technologies
_h[electronic resource] /
_cAndreas Poullikkas.
260 _aNew York :
_bNova Science,
_cc2009.
300 _aviii, 186 p. :
_bill. (some col.).
490 1 _aEnergy science, engineering and technology series
504 _aIncludes bibliographical references and index.
533 _aElectronic reproduction.
_bPalo Alto, Calif. :
_cebrary,
_d2013.
_nAvailable via World Wide Web.
_nAccess may be limited to ebrary affiliated libraries.
650 0 _aElectric power production.
655 7 _aElectronic books.
_2local
710 2 _aebrary, Inc.
830 0 _aEnergy science, engineering and technology series.
856 4 0 _uhttp://site.ebrary.com/lib/rucke/Doc?id=10680833
_zAn electronic book accessible through the World Wide Web; click to view
999 _c156408
_d156408